Central Library OPAC University of Rajshahi

Research methods for sport studies / (Record no. 65930)

MARC details
000 -LEADER
fixed length control field 00887nam a2200277 a 4500
001 - CONTROL NUMBER
control field 65930
003 - CONTROL NUMBER IDENTIFIER
rucl marc code BD-RjUL
005 - DATE AND TIME OF LATEST TRANSACTION
control field 20211209081501.0
008 - FIXED-LENGTH DATA ELEMENTS--GENERAL INFORMATION
fixed length control field 030421s20042005nyu b 001 0 eng
020 ## - INTERNATIONAL STANDARD BOOK NUMBER
International Standard Book Number 041526877X
International Standard Book Number 0415268788 (pbk.)
035 ## - SYSTEM CONTROL NUMBER
System control number (BD-RjUL)66060
040 ## - CATALOGING SOURCE
Original cataloging agency DLC
Transcribing agency DLC
Language of cataloging eng
Modifying agency BD-RjUL
041 ## - LANGUAGE CODE
Language code of text/sound track or separate title eng
082 00 - DEWEY DECIMAL CLASSIFICATION NUMBER
Classification number 796.07
Edition number 23
Author mark and year GRR 2005
100 1# - MAIN ENTRY--PERSONAL NAME
Personal name Gratton, Chris,
Dates associated with a name 1948-
9 (RLIN) 194966
245 10 - TITLE STATEMENT
Title Research methods for sport studies /
Statement of responsibility, etc. Chris Gratton and Ian Jones.
260 ## - PUBLICATION, DISTRIBUTION, ETC. (IMPRINT)
Place of publication, distribution, etc. London :
Name of publisher, distributor, etc. Routledge,
Date of publication, distribution, etc. c2004 [Reprinted 2005]
300 ## - PHYSICAL DESCRIPTION
Pagination xvi, 288 p. ;
Size 24 cm. :
Illustrations ill.
504 ## - BIBLIOGRAPHY, ETC. NOTE
Bibliography, etc Includes bibliographical references and index.
650 #0 - SUBJECT ADDED ENTRY--TOPICAL TERM
Topical term or geographic name as entry element Sports
General subdivision Research
-- Methodology.
9 (RLIN) 194967
Topical term or geographic name as entry element Leisure
General subdivision Research
-- Methodology.
9 (RLIN) 194968
Topical term or geographic name as entry element Qualitative research.
9 (RLIN) 194969
700 1# - ADDED ENTRY--PERSONAL NAME
Personal name Jones, Ian,
Dates associated with a name 1970-
942 ## - ADDED ENTRY ELEMENTS (KOHA)
Source of classification or shelving scheme Dewey Decimal Classification
Koha item type Books
Holdings
Lost status Source of classification or shelving scheme Damaged status Not for loan Collection code Permanent Location Current Location Shelving location Date acquired Source of acquisition Cost, normal purchase price Total Checkouts Full call number Date last seen Copy number Koha item type
  Dewey Decimal Classification   Not For Loan Non-fiction Central Library, University of Rajshahi Central Library, University of Rajshahi Reading Room 13/04/2006 Dhaka, Paragon Enterprise ltd. 24.99   796.07 GRR 2005 13/03/2017 C-1 Books